| 000 | 00397nam a22001457a 4500 | ||
|---|---|---|---|
| 003 | OSt | ||
| 005 | 20230914121136.0 | ||
| 008 | 230914b |||||||| |||| 00| 0 eng d | ||
| 020 | _a9789355854513 | ||
| 040 | _cCOMPLIMENTARY | ||
| 082 |
_2I _a530.41 _b530.41/VHA |
||
| 245 |
_aBASIC SCIENCE-PHYSICS _cVHANKHANDE BALASAHEB _hENGLISH |
||
| 260 |
_aPUNE _bTECHNICAL PUBLICATION _c2023 |
||
| 942 |
_2ddc _cBK _n0 |
||
| 999 |
_c35958 _d35958 |
||